| 000 | 00873nam a2200265 a 4500 | ||
|---|---|---|---|
| 001 | 1530 | ||
| 003 | BR-CuiBMT | ||
| 005 | 20231214135622.0 | ||
| 008 | 231108s201u rjb 000 0 por d | ||
| 040 |
_aBR-CuiBMT _cBR-CuiBMT |
||
| 080 |
_22007 _a657.6 |
||
| 090 |
_a657.6 _bG633t |
||
| 100 | 1 | _aGomes, Marcelo Barros | |
| 245 | 1 | 0 |
_aTópicos básicos em auditoria de desempenho / _cMarcelo Barros Gomes |
| 260 |
_aRio de Janeiro : _bFGV, _c[201-]. |
||
| 300 |
_a85 p. ; _c29 cm |
||
| 500 | _a"Fascículo elaborado para o curso MPA Executivo em Controle externo ofertado pela FGV." | ||
| 504 | _aInclui bibliografia. | ||
| 610 | 1 |
_aMato Grosso. _bTribunal de Contas do Estado. |
|
| 650 |
_aAdministração pública _zBrasil |
||
| 650 |
_aReforma administrativa _zBrasil |
||
| 650 | _aAuditoria governamental | ||
| 650 | _aAuditoria de desempenho | ||
| 942 |
_2udc _cLV |
||
| 999 |
_c1530 _d1530 |
||